Applied finite mathematics, with calculus / (Record no. 179983)

000 -LEADER
fixed length control field 01073 a2200205 4500
003 - CONTROL NUMBER IDENTIFIER
control field NUST
005 - DATE AND TIME OF LATEST TRANSACTION
control field 20221027181413.0
010 ## - LIBRARY OF CONGRESS CONTROL NUMBER
LC control number 77091305
020 ## - INTERNATIONAL STANDARD BOOK NUMBER
International Standard Book Number 01205956055
040 ## - CATALOGING SOURCE
Transcribing agency Nust
082 00 - DEWEY DECIMAL CLASSIFICATION NUMBER
Classification number 510,ANT
100 1# - MAIN ENTRY--PERSONAL NAME
Personal name Anton, Howard.
9 (RLIN) 8661
245 10 - TITLE STATEMENT
Title Applied finite mathematics, with calculus /
Statement of responsibility, etc. Howard Anton, Bernard Kolman.
260 ## - PUBLICATION, DISTRIBUTION, ETC.
Place of publication, distribution, etc. New York :
Name of publisher, distributor, etc. Academic Press,
Date of publication, distribution, etc. c1978.
300 ## - PHYSICAL DESCRIPTION
Extent xvii, 760 p. :
Other physical details ill. ;
Dimensions 24 cm.
505 ## - FORMATTED CONTENTS NOTE
Formatted contents note Set Theory (Page-1), Coordinate Systems And Graphs (Page-43), Linear Programming (Page-83), Matrices And Linear System (Page-102), Linear Programming (Page-155), Probability (Page-201), Statistics (Page-274), Applications (Page-344), Mathematics Of Finance (Page-411), Computers (Page-442), Functions, Limits And Rates Of Change (Page-488), The Derivative (Page-525), Applications Of Differentiation (Page-559), Integration (Page-621), Applications Of Integration (Page-662), Application of Integration (Page- 674).
650 #0 - SUBJECT ADDED ENTRY--TOPICAL TERM
Topical term or geographic name entry element Mathematics.
700 1# - ADDED ENTRY--PERSONAL NAME
Personal name Kolman, Bernard,
Dates associated with a name 1932-
9 (RLIN) 17978
942 ## - ADDED ENTRY ELEMENTS (KOHA)
Source of classification or shelving scheme
Koha item type Book
Call number prefix 510,ANT
Holdings
Withdrawn status Lost status Source of classification or shelving scheme Damaged status Not for loan Permanent Location Current Location Shelving location Date acquired Full call number Barcode Date last seen Price effective from Koha item type Public note Collection code Total Checkouts
          Military College of Signals (MCS) Military College of Signals (MCS) General Stacks 12/12/2016 510,ANT MCS27465 12/08/2016 12/12/2016 Book Bank Almirah No. A/135, Shelf No.2    
          Military College of Signals (MCS) Military College of Signals (MCS)   12/12/2016 510 ANT MCS27466 12/08/2016 12/12/2016 Book      
          Military College of Signals (MCS) Military College of Signals (MCS)   12/12/2016 510 ANT MCS7308 12/08/2016 12/12/2016 Book      
© 2023 Central Library, National University of Sciences and Technology. All Rights Reserved.